|
|
|
|
| LEADER |
00000naa2a2200000 4500 |
| 001 |
102985 |
| 005 |
20231031113203.0 |
| 035 |
|
|
|a (RuTPU)RU\TPU\book\111033
|
| 090 |
|
|
|a 102985
|
| 100 |
|
|
|a 20061010d2003 k y0rusy50 ca
|
| 101 |
0 |
|
|a rus
|
| 102 |
|
|
|a RU
|
| 200 |
1 |
|
|a Возможности филателии в системе геолого-географического и экологического обучения и воспитания
|f Ф. Б. Бакшт
|
| 461 |
|
1 |
|0 (RuTPU)RU\TPU\book\59582
|t Проблемы геологии и географии Сибири
|o Материалы научной конференции, посвященной 125-летию основания Томского государственного университета и 70-летию образования геолого-географического факультета 2-4 апреля 2003 г.
|f ТГУ
|d 2003-
|s Науки о Земле: геология, география, метеорология, геодезия
|
| 463 |
|
0 |
|0 (RuTPU)RU\TPU\book\56944
|t Вып. 3 (I): Региональная геология и геодинамические реконструкции. Профессиональное образование в системе наук о Земле
|v С. 202-204.
|d 2003
|p 226 с.
|
| 610 |
1 |
|
|a геологическое образование
|
| 610 |
1 |
|
|a экологическое образование
|
| 610 |
1 |
|
|a обучение
|
| 610 |
1 |
|
|a воспитание
|
| 610 |
1 |
|
|a филателия
|
| 610 |
1 |
|
|a почтовые марки
|
| 610 |
1 |
|
|a труды учёных ТПУ
|
| 700 |
|
1 |
|a Бакшт
|b Ф. Б.
|c горный инженер-геофизик
|c доцент Томского политехнического университета
|c выпускник ГРФ ТПИ 1956 г.
|f 1933-
|g Федор Борисович
|2 stltpush
|3 (RuTPU)RU\TPU\pers\19662
|
| 801 |
|
1 |
|a RU
|b 63413507
|c 20061010
|g PSBO
|
| 801 |
|
2 |
|a RU
|b 63413507
|c 20100407
|g RCR
|
| 942 |
|
|
|c BK
|